| 000 | 00896nas a2200289 4500 | ||
|---|---|---|---|
| 001 | BR0205525 | ||
| 003 | BR-BrBNA | ||
| 005 | 20231205103351.0 | ||
| 007 | ta | ||
| 008 | 230509b bl.|||p| |||| 00| 00por d | ||
| 040 |
_aBR-BrBNA _bpor _cBiblioteca Nacional de Agricultura |
||
| 041 | _a(Pt) | ||
| 072 | _aF06 | ||
| 100 | 1 | _aAlmeida, O.A. de | |
| 100 | 1 | _aSouza, L.F. da S. | |
| 100 | 1 | _aReinhardt, D.H. | |
| 100 | 1 | _aCaldas, R.C. | |
| 245 | 1 | _aInfluência da irrigação no ciclo do abacaxizeiro cv. Pérola em área de Tabuleiro Costeiro da Bahia | |
| 650 | _aABACAXI | ||
| 650 | _aIRRIGAÇÃO POR ASPERSÃO | ||
| 650 | _aFLORAÇÃO | ||
| 650 | _aPRECOCIDADE VEGETAL | ||
| 650 | _aBAHIA | ||
| 773 | 0 |
_tRevista Brasileira de Fruticultura (Brazil) _xISSN 0100-2945 _g(Aug 2002), v. 24(2) p. 431-435 _wBR0205525 |
|
| 909 |
_a202311 _bLúcia _c55 _dLúcia Elande |
||
| 942 |
_2AGRIS _n0 _cANA |
||
| 999 |
_c172490 _d172490 |
||